Saved and certain (Record no. 7443)

MARC details
000 -LEADER
fixed length control field 00696nam a22001817a 4500
003 - CONTROL NUMBER IDENTIFIER
control field GBCCL
005 - DATE AND TIME OF LATEST TRANSACTION
control field 20241126110628.0
008 - FIXED-LENGTH DATA ELEMENTS--GENERAL INFORMATION
fixed length control field 180810b ||||| |||| 00| 0 eng d
040 ## - CATALOGING SOURCE
Transcribing agency GBC
082 ## - DEWEY DECIMAL CLASSIFICATION NUMBER
Classification number 234
Item number DAV
100 ## - MAIN ENTRY--PERSONAL NAME
Personal name Davis, T G
9 (RLIN) 13144
245 ## - TITLE STATEMENT
Title Saved and certain
Statement of responsibility, etc. T G Davis
260 ## - PUBLICATION, DISTRIBUTION, ETC.
Place of publication, distribution, etc. Nashville, Tenn. :
Name of publisher, distributor, etc. Broadman Press,
Date of publication, distribution, etc. 1955.
300 ## - PHYSICAL DESCRIPTION
Extent xii, 104 pages ; 19 cm
505 ## - FORMATTED CONTENTS NOTE
Formatted contents note One of the unfortunate weaknesses among Christians is the lack of knowledge about the great doctrines in the Bible. This book sets forth in clear and easily understood terms some of the teachings that are the basis for Christian hope and conduct.
650 ## - SUBJECT ADDED ENTRY--TOPICAL TERM
Topical term or geographic name entry element Salvation
9 (RLIN) 452
942 ## - ADDED ENTRY ELEMENTS (KOHA)
Source of classification or shelving scheme Dewey Decimal Classification
Koha item type Books
Holdings
Withdrawn status Lost status Source of classification or shelving scheme Damaged status Not for loan Home library Current Library Shelving location Date acquired Total checkouts Full call number Barcode Date last seen Date last checked out Copy number Price effective from Koha item type
    Dewey Decimal Classification     GRACE BIBLE COLLEGE GRACE BIBLE COLLEGE Theology 2018-08-10 1 234 DAV 002589 2025-05-01 2025-01-24 c.1 2018-08-10 Books
© Grace Bible College Library 2025